000 00381pab a2200157 454500
008 180718b1999 xxu||||| |||| 00| 0 eng d
100 _aJhaveri, N.J.
245 _a`Dual economy' of the financial sector
260 _c1999
300 _ap.6
362 _a2 Jun
650 _aMonetary policy
650 _aFinancial administration
773 _aEconomic Times
909 _a42442
999 _c42442
_d42442